000
00321pam a2200145 a 4500
020
_c
041
_h
082
_a
741.6
_b
SCH
100
_a
Richard Schultz.
245
_a
Graphic 350
_b
Graphic 350
_h
Textual Documents
250
_a
2004.
260
_a
[s.l]:
_b
Graphic Book
300
_a
160:
_b
paper.
930
_a
1474
999
_c
235264
_d
235264